000 00624nam a22001457a 4500
008 140819b xxu||||| |||| 00| 0 eng d
020 _a0406094217
050 _aKD276.3.L39(1893 vol.1)
245 _aThe Law Reports (1893 vol.1)Chancery division: of the incorporated council of law reporting, supreme court of judicature cases determined in the chancery division and lunacy and on appeal therefrom in the court of appeal. /
_cedited by Hemming, G.W.
260 _aLondon:
_bButterworth & Co Ltd,
_c1893.
300 _axii,758p.:
_c24cm.
440 _pchancery division.
_vvol.1.
800 _aG.W. Hemming.
942 _2lcc
_cBK
999 _c3502
_d11002